000 00164nam a2200073Ia 4500
008 170620s9999 xx 000 0 und d
100 _aKAPOOR- ND
245 0 _aBUSINESS LAW
260 _bSULTAN CHAND
999 _c30157
_d30157